00376nam a2200121Ia 4500008004100000100001900041245001700060245002700077260000900104856004900113999001900162952007300181160531s9999 xx 000 0 und d aEkinci, Deniz. aBiochemistry cEdited by Deniz Ekinci c2012 uhttp://www.intechopen.com/books/biochemistry c295436d295436 001040aCLbCLd2016-05-31l0r2016-05-31 00:00:00w2016-05-31yCBE